Idea: contribución a la historia de la teoría del arte
Tallennettuna:
| Päätekijä: | |
|---|---|
| Aineistotyyppi: | Kirja |
| Kieli: | espanja |
| Julkaistu: |
Madrid, España.
Ediciones Cátedra,
2013
|
| Painos: | 1a. ed |
| Sarja: | Cuadernos Arte Cátedra, 51
|
| Aiheet: | |
| Tagit: |
Lisää tagi
Ei tageja, Lisää ensimmäinen tagi!
|
MARC
| LEADER | 00000cam a2200000 a 4500 | ||
|---|---|---|---|
| 001 | UCD0359 | ||
| 003 | CL-VaPUC | ||
| 005 | 20230302160640.0 | ||
| 008 | 151127e20130000sp |||||||||||||||||spa|d | ||
| 999 | |c 361924 |d 361922 | ||
| 020 | |a 9788437632032 | ||
| 040 | |c Pontificia Universidad Católica de Valparaíso | ||
| 082 | 0 | 4 | |a 701.18 |b PAN |2 21 |
| 100 | |a Panofsky, Erwin |e autor |9 322726 | ||
| 245 | 1 | 0 | |a Idea: contribución a la historia de la teoría del arte |
| 250 | |a 1a. ed | ||
| 260 | |a Madrid, España. |b Ediciones Cátedra, |c 2013 | ||
| 300 | |a 278 páginas | ||
| 490 | 0 | |a Cuadernos Arte Cátedra, 51 | |
| 583 | |a last modification |c 20151127 13:45:00 |k Rodrigo Vera | ||
| 650 | 0 | |a Filosofía del arte |9 264951 | |
| 650 | 0 | |a Estética |9 264950 | |
| 650 | 0 | |a Clasicismo en el arte |2 CL-VaPUC |9 441829 | |
| 942 | |c BK |2 ddc | ||
| 945 | |d 20151127 13:45:00 |a dcastane | ||
| 952 | |0 0 |1 0 |3 erd |4 0 |6 701_180000000000000_PAN_2013 |7 0 |8 A |9 472672 |a BIBART |b BIBART |i 5252253 |l 5 |m 2 |o 701.18 PAN 2013 |p 5252253 |r 2025-03-13 |s 2024-09-05 |w 2019-11-24 |y BK |z Catalogado en:20151127 |k ART | ||